Antwoorden met de letter G - Statistics

General Stats
  • This quiz has been taken 9 times
  • The average score is 7 of 20
Answer Stats
Hint Answer % Correct
Watervogel die spreekwoordelijk vaak de moeder is Gans
75%
Haat smurfen Gargamel
75%
Land ten westen van Suriname Guyana
75%
Accra, Tamale en Kumasi zijn steden in dit land Ghana
50%
Muziekfestival in Engeland Glastonbury
50%
Sodom en … Gomorra
50%
Laatste leider van de Sovjet-Unie Gorbatsjov
50%
Au Goud
50%
TV serie gebaseerd op de boeken van George R.R. Martin Game of Thrones
38%
Heuvelrijk gebied in het zuiden van Syrië Golanhoogvlakte
38%
Museum in Bilbao Guggenheim
38%
Componist van Rhapsody in Blue George Gershwin
25%
Waar de weg naar de hel mee geplaveid is Goede voornemens
25%
Akkoord van Belfast Goedevrijdagakkoord
25%
Film uit 1939 met Clark Gable Gone with the Wind
25%
Ook bekend als 'Gitmo' Guantanamo Bay
13%
Hip Hop collectief van rapper 50 Cent G Unit
13%
Bijnaam van deze sporter was 'The Great One' Wayne Gretzky
13%
Herpes zoster Gordelroos
0%
Oprichter van FC Barcelona Joan Gamper
0%
No matching quizzes found
Score Distribution
Percent of People with Each Score
Percentile by Number Answered
Your Score History
You have not taken this quiz